Russlanddeutsche Lieder : (Titelsatznr. 29547)
[ MARC ]
| 000 -Satzkennung | |
|---|---|
| Kontrollfeld mit fester Länge | 01048nac a22002771ca4500 |
| 001 - Kontrollnummer | |
| Kontrollfeld | a987692779 |
| 008 - Feld mit fester Länge zur physischen Beschreibung - Allgemeine Angaben | |
| Kontrollfeld mit fester Länge | 190924s2018 gw |||| 000u ger d |
| 020 ## - Internationale Standardbuchnummer | |
| Internationale Standardbuchnummer | 9783837514902 |
| Verknüpfung | 978-3-8375-1490-2 |
| 041 ## - Sprachcode | |
| Sprachcode des Textes/der Tonspur oder des separaten Titels | ger |
| 040 ## - Katalogisierungsquelle | |
| Übertragungsstelle | RU-10907106 |
| 003 - Kontrollnummer Identifier | |
| Kontrollfeld | RU-10907106 |
| 100 1# - Haupteintragung - Personenname | |
| Personenname | Bertleff, Ingrid |
| 245 00 - Titel | |
| Titel | Russlanddeutsche Lieder : |
| Zusatz zum Titel | Geschichte - Sammlung - Lebenswelten / |
| Verfasserangabe etc. | Ingrid Bertleff, Eckhard John, Natalia Svetozarova ; Institut für Russische Literatur (Puškinskij Dom) der Russischen Akademie der Wissenschaften (St. Petersburg), Albert-Ludwigs-Universität Freiburg |
| 264 ## - Produktion, Veröffentlichung, Distribution, Herstellung und Urheberrechtsvermerk | |
| Herstellungs-, Veröffentlichungs- Vertriebs-, Erzeugungsort | Essen : |
| Produzent, Herausgeber, Distributor, Hersteller | Klartext, |
| Datum der Herstellung, der Veröffentlichung, des Vertriebs oder des Urheberschutzvermerks | 2018 |
| 300 ## - Physische Beschreibung | |
| Umfang | 2 Bände |
| 490 #0 - Gesamttitelangabe | |
| Gesamttitelangabe | Veröffentlichungen zur Kultur und Geschichte im östlichen Europa |
| Bandnummer/Folgebezeichnung | 52 |
| 650 #0 - Nebeneintragung unter einem Schlagwort - Sachschlagwort | |
| Sachschlagwort oder geografischer Name als Eintragungselement | Russlanddeutsche |
| 650 #0 - Nebeneintragung unter einem Schlagwort - Sachschlagwort | |
| Sachschlagwort oder geografischer Name als Eintragungselement | Lied |
| 650 #0 - Nebeneintragung unter einem Schlagwort - Sachschlagwort | |
| Sachschlagwort oder geografischer Name als Eintragungselement | Volkslied |
| 700 1# - Nebeneintragung - Personenname | |
| Personenname | John, Eckhard |
| Funktionsbezeichnung | HerausgeberIn |
| 700 1# - Nebeneintragung - Personenname | |
| Personenname | Svetozarova, Natalija Dmitrievna |
| Funktionsbezeichnung | MitarbeiterIn |
| 710 2# - Nebeneintragung - Körperschaftsname | |
| Körperschafts- oder Gebietskörperschaftsname als Eintragungselement | Institut Russkoj Literatury |
| 710 2# - Nebeneintragung - Körperschaftsname | |
| Körperschafts- oder Gebietskörperschaftsname als Eintragungselement | Albert-Ludwigs-Universität Freiburg |
| 942 ## - Zusätzliche Felder (Koha) | |
| Koha-Medientyp | Monographien |
| Ausgeschieden | Verloren | Beschädigt | Nicht entleihbar | Heimatbibliothek | Aufenthaltsbibliothek | Aufstellungsort | Erwerbungsdatum | Inventarnummer | Signatur | Barcode | Letzte Aktivität | Preis gültig von | Koha-Medientyp |
|---|---|---|---|---|---|---|---|---|---|---|---|---|---|
| MWN Osteuropa | MWN Osteuropa | Magazin - 2 | 24/09/2019 | 19-01580 | R 60 o Deut 31 (Bd.) | 29551 | 23/02/2021 | 22/03/2021 | Monographien |